MDQL
is popping MORE tags! Check the
thread
!
Quizzes
Events
Quiz Creation
Community
Videos
Private Events
Remove Ads
Sign In
Join for FREE
Feedback
Dark Mode
Quiz Categories
Sports
Geography
Music
Movies
Television
Just For Fun
Miscellaneous
History
Literature
Language
Science
Gaming
Entertainment
Religion
Holiday
For Kids
Quiz Lab
Recent
Popular Today
Quiz Kudos Today
Editor Picks
Curator Picks
Quizzes by...
Day
Popularity
Type
Ratings
Length
Year
Community
Subscriptions
Recent Discussions
Orange Saloon
Badges
Playlists
Quests
Create
Leaderboards
Showdown
Live 5
Trivia Bingo
Activity
Puzzle Library
Sporcle Events
Private Events
Virtual Trivia
Globe League
Become a Host
Pub Owners
SporcleCon
Opinionation
Our Games
Videos
Blog
Mobile Apps
Partnerships
Remove Ads and Go Orange
Feedback
Sports
Athletes
MLB
NBA
NHL
NFL
Soccer
Sports Teams
WWE
NCAA
Football
Premier League
Basketball
Baseball
Hockey
Golf
Tennis
Cricket
Rugby
Auto Racing
Olympics
World Cup
Sports
Athletes
MLB
NBA
NHL
NFL
Soccer
Sports Teams
WWE
NCAA
Football
Premier League
Basketball
Baseball
Hockey
Golf
Tennis
Cricket
Rugby
Auto Racing
Olympics
World Cup
Random Quiz
Search Sporcle
×
Quiz Lab
Quiz Lab
Sports
met
Type in answers that appear in a list
Type in answers that appear in a list
Classic
Best Score? Go Orange.
Mets With 4 Or More Multiple-HR Games Stats
Can you name the Mets With 4 Or More Multiple-HR Games?
By
chrismcshane
7m
27 Questions
422 Plays
422 Plays
422 Plays
Comments
Comments
Give Quiz Kudos
Give Quiz Kudos
-
- Ratings
hide this ad
Replay
Link that replays current quiz
Next Quiz
Link to next quiz in quiz playlist
You Got
0%
They Got
Avg Score
64%
Avg Friend Score
Upgrade to see
Score Distribution
Jump to the score distribution portion of the page
Score
0/27
Timer
07:00
0
Plays Today
Years
Player
% Correct
2004-
2012
David Wright
97.9%
1998-
2005
Mike Piazza
96.2%
1983-
1990
Darryl Strawberry
94.1%
2005-
2011
Carlos Beltran
92.4%
2010-
2012
Ike Davis
89.3%
2006-
2008
Carlos Delgado
88.4%
2003-
2011
Jose Reyes
86.5%
1985-
1988
Gary Carter
82%
1986-
1991
Howard Johnson
75.4%
1996-
2001
Edgardo Alfonzo
73.9%
1999-
2001
Robin Ventura
72.7%
1997-
1999
John Olerud
72%
1975-
1983
Dave Kingman
68.5%
1994-
1997
Todd Hundley
68.2%
Years
Player
% Correct
1987-
1990
Kevin McReynolds
62.1%
1992-
1995
Bobby Bonilla
61.1%
1964-
1977
Ed Kranepool
60%
1969-
1971
Tommie Agee
55.2%
2004-
2006
Cliff Floyd
54%
1996-
1997
Bernard Gilkey
50.2%
1973-
1981
Rusty Staub
47.6%
1999-
2000
Benny Agbayani
46.7%
1993-
1994
Jeff Kent
39.6%
1969-
1971
Donn Clendenon
35.1%
1962-
1962
Frank Thomas
32.2%
1973-
1977
John Milner
21.8%
1995-
1997
Carl Everett
13%
Quiz Playlist
Details
Report
Send in Message
Add To Playlist
Classic:
Type in answers that appear in a list
Quiz Source
Last Updated: Feb 16, 2017
Quiz Scoreboard
CHALLENGE
Sign Up to Join the Scoreboard
Show All
Scores
Hide
Comments
May contain spoilers
Recently Published
Colored Red Africa Blitz
by spor1
Geography
30s
Find the 'City' Movie
by crazypaving
Movies
60s
5x2 Blitz: Bands
by SL_Kpop136
Music
30s
More to Explore
Quiz From the Vault
Featured Blog Post
14 Easter Pick-up Lines to Find Eggs With
hide this ad
You Might Also Like...
Tags
met
Player
Today's Top Quizzes in Sports
Browse Sports
hide this ad
Today's Top Quizzes in met
Browse met
Top Contributed Quizzes in Sports
1
Les entraîneurs de l'OM et du PSG au 21e siècle
2
Les meilleurs buteurs des matchs entre le PSG et l’OM
3
Players with Multiple 50 Home Run Seasons
4
2022 World Cup Stars
5
Les joueurs passés par le PSG et l'OM
6
NBA Logic Puzzle 2.0
7
Criteria MLB: Left Handed Sluggers
8
MLB Players with Two .350 Batting Average Seasons
9
Top 10 NHL Goal Scorers of All Time
10
Who Hit More Homers?
Explore More
Trending Topics
NBA
Disney
Harry Potter
Marvel
Crossword
Anime
Kpop
NFL
Soccer
Song
Country
The Office
WWE
Puzzle
Pokémon
hide this ad
More By:
chrismcshane
Quiz
Plays
Rating
Category
Featured
Created
The 2006 Mets
1,510
5.00
Sports
Jan 17, 2014
Every player who played for the 2006 Mets
989
Sports
Apr 17, 2020
Players with 25+ HR in a season for the Mets
927
Sports
May 12, 2020
Mets who hit 3 home runs in a single game
825
5.00
Sports
May 14, 2020
Mets pitchers who hit at least one home run in a game
749
Sports
May 12, 2020
Go to Creator's Profile
Score Distribution
Quiz Creator Spotlight
chrismcshane
Follow
Send a Message
Quizzes Created
-
Created Quiz Play Count
-
More By This Creator
Popular Quizzes Today
1
Colored Red Africa Blitz
2
Find the 'City' Movie
3
5x2 Blitz: Bands
4
Find the US States - No Outlines Minefield
5
The Countries of the World
6
Find the US States
7
US States
8
Find the Countries of Europe - No Outlines Minefield
More Sports Quizzes
Cincinnati Reds World Series Opponents
Quiz Lab
Trending Quizzes
Colored Red Europe Blitz I
Colored Red Africa Blitz II
Colored Red Europe Blitz II
Colored Red Africa Blitz III
Colored Red Europe Blitz III
Recently Updated
How Do You Spell That?
pecheneg
Godzilla Movies
pecheneg
Grab Bag: 4-10 Letters
pecheneg
2024 March Madness Bracket
pecheneg
Famous TV Couples
Peacemaker
Champions League XIs: Real Madrid
pecheneg
Largest US Cities 1790-2010
pecheneg
Rides in Walt Disney World
pecheneg
Most Oscar Losses (Acting)
pecheneg
Beyoncé Albums
pecheneg
Trending Topics
NBA
Disney
Crossword
Marvel
Anime
Harry Potter
Kpop
WWE
Soccer
The Office
Pokémon
Country
Song
NFL
Puzzle
Your Account Isn't Verified!
In order to create a playlist on Sporcle, you need to verify the email address you used during registration. Go to your
Sporcle Settings
to finish the process.
Report this User
Report this user for behavior that violates our
Community Guidelines
.
Details:
Send Report
Go to the Sporcle.com Mobile Site →
Comments